Problematika kointegrácie v ekonometrickom modelovaní diplomová práca

Salvato in:
Dettagli Bibliografici
Autore principale: Maliňák, Peter
Ente Autore: Fakulta hospodárskej informatiky EU. Katedra operačného výskumu a ekonometrie
Altri autori: Chocholatá, Michaela, 1977-
Natura: Libro
Lingua:slovacco
Pubblicazione: Bratislava 2010
Tags: Aggiungi Tag
Nessun Tag, puoi essere il primo ad aggiungerne!!

MARC

LEADER 00000nam a2200000 4500
001 0118740
005 20240318123234.8
041 0 |a slo 
044 |a SK 
245 1 0 |a Problematika kointegrácie v ekonometrickom modelovaní  |b diplomová práca  |c Peter Maliňák ; škol. Michaela Chocholatá 
264 1 |a Bratislava  |c 2010 
300 |a 72 s. 
100 1 |a Maliňák, Peter 
700 1 |a Chocholatá, Michaela, 1977- 
710 2 |a Fakulta hospodárskej informatiky EU. Katedra operačného výskumu a ekonometrie